Estados de excepcin̤ y democracia liberal en Amřica del Sur Argentina, Chile y Colombia (1930-1990) /

Detalles Bibliográficos
Autor principal: Gonzl̀ez Jc̀ome, Jorge
Formato: eBook
Lenguaje:español
Publicado: Bogot:̀ Pontificia Universidad Javeriana, 2015
Materias:
Acceso en línea:Acceso restringido

MARC

LEADER 00000nam a22000007a 4500
005 20161204234221.0
007 cr|||| ||||
008 161204s2015 co |||||s|||| 00||0 spa d
020 |a 978-958-716-762-7 
035 |a 14561 
040 |a vLex 
090 |c 6421  |d 6421 
100 1 |a Gonzl̀ez Jc̀ome, Jorge 
245 1 0 |a Estados de excepcin̤ y democracia liberal en Amřica del Sur  |h [Recurso electrn̤ico] :  |b Argentina, Chile y Colombia (1930-1990) /  |c Jorge Gonzl̀ez Jc̀ome 
256 |a Servicio en ln̕ea 
260 |a Bogot:̀  |b Pontificia Universidad Javeriana,  |c 2015 
300 |a 1 recurso electrn̤ico (376 p.) 
506 1 |a Disponible solo en los productos indicados  |d vLex Global  |d vLex Global (Academic Edition, excluding Law Schools)  |d vLex Global (U.S. Academic Edition, Law Schools)  |d vLex Global (U.S. Academic Edition, excluding Law Schools)  |d vLex Global (Academic Edition, Law Schools) 
650 0 4 |a Derecho Constitucional  |z Colombia 
650 0 4 |a Ciencias sociales  |z Colombia 
740 0 |a vLex Libros (Servicio en ln̕ea) 
856 4 0 |u http://vlex.com/source/estados-excepcion-democracia-liberal-america-sur-argentina-chile-colombia-1930-1990-14561  |z Acceso restringido 
942 |c BOOK 
999 0 |a Constitutional Law 
999 0 |a Social Sciences